000 00265nam a22001217a 4500
008 171012b xxu||||| |||| 00| 0 eng d
041 _aeng
080 _a316
100 _a50
101 _aSOC
245 _aSOCIAL INDICATOR MODELS
_cLAND.K.C
942 _2udc
_cBK
999 _c33507
_d33507